logo

Bir Sreshtho Munshi Abdur Rouf Library
Jhenaidah Cadet College

A year's work in English / (Record no. 8836)

MARC details
000 -LEADER
fixed length control field 00628nam a22002293a 4500
001 - CONTROL NUMBER
JCCL Control Number 8836
003 - CONTROL NUMBER IDENTIFIER
JCCL marc code BD - JhCC
005 - DATE AND TIME OF LATEST TRANSACTION
control field 20180712120643.0
008 - FIXED-LENGTH DATA ELEMENTS--GENERAL INFORMATION
fixed length control field 500101s1921 xx 000 1 und d
035 ## - SYSTEM CONTROL NUMBER
system control number (BD - JhCC)8836
040 ## - CATALOGING SOURCE
Original cataloging agency EQO
Transcribing agency EQO
Modifying agency BD-JhCC
041 ## - LANGUAGE CODE
Language code of Book eng
082 ## - DEWEY DECIMAL CLASSIFICATION NUMBER
Author mark and Year MAR 1921
Classification number 420.7
100 1# - MAIN ENTRY--PERSONAL NAME
Personal name Marriott, James William.
245 12 - TITLE STATEMENT
Title A year's work in English /
Statement of responsibility, etc James William Marriott,
260 ## - PUBLICATION, DISTRIBUTION, ETC. (IMPRINT)
Place of publication, distribution, etc Lond. &c,
Date of publication, distribution, etc (1921)
300 ## - PHYSICAL DESCRIPTION
Pagination 175 p. :
Dimensions 18 cm.
650 ## - SUBJECT ADDED ENTRY--TOPICAL TERM
Topical term or geographic name as entry element English language--Study and teaching
650 ## - SUBJECT ADDED ENTRY--TOPICAL TERM
Topical term or geographic name as entry element English language--Composition and exercises
942 ## - ADDED ENTRY ELEMENTS (KOHA)
Source of classification or shelving scheme Dewey Decimal Classification
Koha item type Books
Holdings
Source of classification or shelving scheme Damaged status Not for loan Home library Current library Shelving location Total Checkouts Full call number Barcode Date last seen Copy number Koha item type
Dewey Decimal Classification     JCC Rouf Library JCC Rouf Library General Stacks   420.7 MAR 1921 11414 03/04/2018 C - 1 Books

JCC Library | Contacts | JCC Home

Last Update on 23 September 2017
Copyright @ 2017-2020 JCC Rouf Library
Rouf Library, Jhenidah Cadet College (JCC), Bangladesh